Isten segedelmével- új iskola épül rsekkétyen

Bibliographic Details
Main Authors: Valkó, Ildikó (ain), Bohák, Valéria (Author, uin), Feszty, Zsolt (Author, uin)
Format: Article
Language:Hungarian
PhysicalDescription:Obr.
ISSN:1335-6631
Subjects:

MARC

LEADER 00000nab a2200000 a 4500
001 vtls000801191
003 SK-MaSNL
005 20260318114610.0
008 160405c2002 xo 0 hun
015 |a SNBRB2002/07-22897 
035 |a CLN000152846 
040 |a SNKBUCL  |b slo  |c SNKBUCL  |e AACR2 
041 0 |a hun 
044 |a xo  |c SK 
080 |a 373.3(437.6=945.11):257  |2 1997 
080 |a 257:284.2  |2 1997 
080 |a 284.2  |2 1997 
100 1 |a Valkó, Ildikó  |4 ain  |9 570584 
245 1 0 |a Isten segedelmével-  |b új iskola épül rsekkétyen  |c Valkó Ildikó 
300 |b Obr. 
610 7 |a Základná škola reformovanej cirkvi s vyučovacím jazykom maďarským (Kvetná, Slovensko)  |2 snkbucl  |9 1614274 
651 7 |a Levice (Slovensko : okres)  |2 snkbucl  |9 15245 
655 7 |a články z novín a časopisov  |2 snkbucl  |9 267496 
700 1 |a Bohák, Valéria  |4 aut  |4 uin  |9 907314 
700 1 |a Feszty, Zsolt  |4 aut  |4 uin  |9 1614275 
773 0 |x 1335-6631  |t Szabad újság  |g Roč. 10, č. 23 (2002), s. 9 
850 |a Slovenská národná knižnica v Martine 
852 |a SNK  |b KIS3GCP 
958 |a HU 
958 |a SK 
958 |a RBX 
999 |c 3324919  |d 3326849